| 000 | 00536nam a2200193Ia 4500 | ||
|---|---|---|---|
| 005 | 20250923145300.0 | ||
| 008 | 008 250917s9999 xx 000 0 eng d | ||
| 037 | _aPeriodicals | ||
| 040 |
_aDSWL _beng _cDSWL |
||
| 041 |
_aeng _2eng |
||
| 084 | _qDSWL | ||
| 245 | 4 |
_aThe Journal of Humanistic Psychology _cby Association for Humansitic Psychology |
|
| 260 |
_aCalifornia _bAssociation for Humansitic Psychology _c1973 |
||
| 365 |
_aINR _b80 |
||
| 490 | _vVol.13 | ||
| 925 | _g80 | ||
| 942 | _cCR | ||
| 999 |
_c1449422 _d1449422 |
||